[Event "Sportaccord WMG Blitz"]
[Site "Beijing CHN"]
[Date "2011.12.13"]
[Round "12"]
[White "Giri, A"]
[Black "Ponomariov, R"]
[Result "0-1"]
[WhiteElo "2714"]
[BlackElo "2723"]
[EventDate "2011.12.12"]

1. d4 Nf6 2. c4 e6 3. Nf3 d5 4. Nc3 Nbd7 5. cxd5 exd5 6. Bg5 Be7 7. Qc2 c6
8. e3 Nh5 9. Bxe7 Qxe7 10. Be2 g6 11. O-O O-O 12. Rab1 Nb6 13. Bd3 Ng7 14.
 Rfe1 Bf5 15. h3 Rfe8 16. Ne5 f6 17. Nf3 Bxd3 18. Qxd3 Nf5 19. b4 a6 20. 
a4 Nd6 21. b5 cxb5 22. axb5 a5 23. Nd2 Qf7 24. Ra1 Rec8 25. e4 dxe4 26. 
Ndxe4 Nxe4 27. Nxe4 Rd8 28. Nc5 Nd5 29. b6 Rd6 30. Qd2 Nb4 31. Rxa5 Rxa5 
32. Qxb4 Ra8 33. Nxb7 Re6 34. Rxe6 Qxe6 35. Nc5 Ra1+ 36. Kh2 Qd6+ 37. g3 
Qd5 38. g4 Rh1+ 39. Kg3 Rg1+ 40. Kf4 Qd6+ 41. Ke3 Qe7+ 42. Kf3 f5 43. gxf5
Qh4 44. Qc4+ Kg7 45. Ne6+ Kh6 46. Qc7 Qxh3+ 47. Ke2 Qg4+ 48. Kd2 Qd1+ 49. 
Kc3 Qc1+ 50. Kd3 Qb1+ 51. Ke3 Re1+ 52. Kd2 Rd1+ 53. Ke3 Qd3+ 54. Kf4 Qxf5+
55. Ke3 Rd3+ 0-1

[Event "TCh-BUL GpA Men"]
[Site "Albena BUL"]
[Date "2011.06.05"]
[Round "4.4"]
[White "Nikolov, Mo"]
[Black "Radulski, J"]
[Result "1/2-1/2"]
[WhiteElo "2583"]
[BlackElo "2571"]
[EventDate "2011.06.02"]

1. d4 d5 2. c4 e6 3. Nc3 Nf6 4. cxd5 exd5 5. Bg5 Be7 6. e3 c6 7. Bd3 Nbd7 
8. Nf3 Ne4 9. Bxe7 Qxe7 10. Bxe4 dxe4 11. Nd2 Nf6 12. Qc2 Bf5 13. O-O O-O 
14. Rab1 Rac8 15. b4 Rfe8 16. Rfc1 Nd5 17. a3 Qg5 18. Nxd5 cxd5 19. Qd1 
Bh3 20. Qf1 h6 21. Kh1 Bd7 22. Nb3 Qf5 23. Kg1 Kh7 24. Rxc8 Rxc8 25. Rc1 
Rxc1 26. Qxc1 Bb5 27. h3 Qd7 28. Nd2 b6 29. Qc3 Qd8 30. Qc2 Qd7 31. Qc3 
1/2-1/2

[Event "TCh-CAT Div Hon"]
[Site "Barcelona ESP"]
[Date "2011.02.05"]
[Round "2"]
[White "Agrest, E"]
[Black "Oms Pallisse, J"]
[Result "1-0"]
[WhiteElo "2583"]
[BlackElo "2527"]
[EventDate "2011.01.29"]

1. c4 Nf6 2. Nf3 e6 3. Nc3 d5 4. d4 Nbd7 5. cxd5 exd5 6. Bg5 c6 7. e3 Be7 
8. Qc2 Nh5 9. Bxe7 Qxe7 10. O-O-O Nhf6 11. Bd3 Nb6 12. Rhe1 Be6 13. Kb1 
O-O-O 14. Rc1 Kb8 15. Ka1 g6 16. Nd2 Qd6 17. h3 Nfd7 18. Ne2 Qe7 19. Nb3 
Qf6 20. Rf1 Nc8 21. Na5 Nd6 22. f3 Nb6 23. e4 Qh4 24. b3 Rhe8 25. e5 Nf5 
26. Qd2 h5 27. g4 Ne7 28. Nf4 hxg4 29. fxg4 Qg5 30. Kb1 Rh8 31. Qb4 Rhe8 
32. Rf3 Bc8 33. Ne2 Be6 34. Nf4 Bc8 35. Rcf1 Ng8 36. Bc2 Qe7 37. Qc3 Rf8 
38. Nd3 f6 39. exf6 Rxf6 40. Rxf6 Nxf6 41. Ne5 Bd7 42. Nxg6 Qd6 43. Ne5 
Be8 44. Qc5 Kc7 45. Qxd6+ Rxd6 46. g5 Ne4 47. Rf8 Re6 48. h4 Nc8 49. b4 
Ncd6 50. Nb3 b6 51. Kc1 Bh5 52. Rh8 Be8 53. Rh7+ Kb8 54. Nd2 Nf5 55. Nxe4 
dxe4 56. Bb3 Re7 57. g6 Bxg6 58. Nxc6+ 1-0

[Event "TCh-CZE Extraliga 2011-12"]
[Site "Czech Republic CZE"]
[Date "2011.12.04"]
[Round "4.1"]
[White "Kempinski, R"]
[Black "Korobov, A"]
[Result "1/2-1/2"]
[WhiteElo "2604"]
[BlackElo "2671"]
[EventDate "2011.10.08"]

1. d4 Nf6 2. c4 e6 3. Nf3 d5 4. Bg5 c6 5. Nc3 Nbd7 6. cxd5 exd5 7. e3 Be7 
8. Qc2 O-O 9. Bd3 Re8 10. O-O Nf8 11. Ne5 Ng4 12. Bxe7 Qxe7 13. Nf3 Ng6 
14. Rfe1 Nf6 15. e4 dxe4 16. Nxe4 Nxe4 17. Bxe4 Be6 18. d5 cxd5 1/2-1/2

[Event "TCh-ISL Div1 2011-12"]
[Site "Reykjavik ISL"]
[Date "2011.10.09"]
[Round "4.3"]
[White "Van Wely, L"]
[Black "Gurevich, M"]
[Result "1/2-1/2"]
[WhiteElo "2689"]
[BlackElo "2612"]
[EventDate "2011.10.07"]

1. d4 d5 2. c4 c6 3. Nf3 Nf6 4. Nc3 e6 5. Bg5 Nbd7 6. cxd5 exd5 7. e3 Be7 
8. Qc2 O-O 9. Bd3 Re8 10. h3 Ne4 11. Bxe4 dxe4 12. Nxe4 Qa5+ 13. Kf1 Bf8 
14. g4 Nb6 15. Nc3 h6 16. Bh4 c5 17. d5 Nc4 18. e4 b5 19. Bg3 b4 20. Ne2 
Ba6 21. Kg2 g6 22. Rhe1 Bg7 23. Rab1 Bb5 24. Nc1 Qd8 25. Nd3 Rc8 26. Rbd1 
a5 27. d6 Nb6 28. Nde5 c4 29. d7 Bxd7 30. Nxd7 Nxd7 31. Rd5 Qe7 32. Rxa5 
Nc5 33. Re3 Qf6 34. Rb5 Nd3 35. b3 Qa6 36. Rd5 Nc1 37. bxc4 Rxc4 38. Qd2 
Nxa2 39. Rd6 Qa8 40. Red3 Nc3 41. Rd8 Rc8 42. Rxe8+ Rxe8 43. e5 Qb7 
1/2-1/2

[Event "TCh-SRB Premier Men"]
[Site "Valjevo SRB"]
[Date "2011.09.02"]
[Round "7.2"]
[White "Laznicka, V"]
[Black "Blagojevic, Dr"]
[Result "1-0"]
[WhiteElo "2681"]
[BlackElo "2516"]
[EventDate "2011.08.27"]

1. d4 d5 2. c4 e6 3. Nf3 Nf6 4. Nc3 Nbd7 5. Bg5 c6 6. cxd5 exd5 7. e3 Be7 
8. Bd3 O-O 9. Qc2 Re8 10. h3 Nf8 11. Bf4 Bd6 12. Bxd6 Qxd6 13. O-O-O Be6 
14. Kb1 Rac8 15. Rc1 Ne4 16. Bxe4 dxe4 17. Ng5 f5 18. Nxe6 Qxe6 19. g4 
fxg4 20. hxg4 c5 21. d5 Qxg4 22. Rcg1 Qf3 23. Rh4 Ng6 24. Rhg4 Rcd8 25. 
Nxe4 Qf5 26. d6 b5 27. R1g3 Re5 28. f3 Rd5 29. Rg5 Qe6 30. Rxd5 Qxd5 31. 
Rg5 Qe6 32. Rxc5 Ne5 33. Ng5 1-0

[Event "TCh-SRB Premier Men"]
[Site "Valjevo SRB"]
[Date "2011.09.04"]
[Round "9.3"]
[White "Georgiev, Ki"]
[Black "Blagojevic, Dr"]
[Result "1/2-1/2"]
[WhiteElo "2654"]
[BlackElo "2516"]
[EventDate "2011.08.27"]

1. c4 e6 2. Nc3 d5 3. d4 Nf6 4. cxd5 exd5 5. Bg5 c6 6. e3 Bf5 7. Qf3 Be6 
8. Bxf6 Qxf6 9. Qxf6 gxf6 10. Bd3 Nd7 11. Nge2 Nb6 12. f3 f5 13. Kf2 Nc8 
14. Nf4 Bd6 15. Nh5 Ne7 16. Ne2 O-O-O 17. h3 Rdg8 18. g3 b6 19. Rac1 Kb7 
20. Nef4 c5 21. g4 cxd4 22. exd4 fxg4 23. hxg4 Bc8 24. Ne2 f5 25. gxf5 
Bxf5 26. Bxf5 Nxf5 27. Nf6 Rg6 28. Nxd5 Ng3 29. Rhg1 Nxe2 30. Kxe2 Rxg1 
31. Rxg1 h5 32. Rg7+ Kc6 33. Nc3 h4 34. d5+ Kc5 35. Ne4+ Kxd5 36. Rd7 Rh6 
37. Nxd6 Kc6 38. Rxa7 Kxd6 39. Kf2 h3 40. Kg1 Rg6+ 41. Kh2 Rg2+ 42. Kxh3 
Rxb2 43. Kg4 Ke5 44. Kg3 Kf5 45. Ra8 Rc2 46. Rf8+ Ke5 47. Ra8 Kf5 48. Ra4 
Rb2 49. Ra7 Rc2 50. Ra3 Rd2 51. Ra4 Rb2 52. Rf4+ Kg5 53. Rg4+ Kf5 54. a3 
Ra2 55. Rf4+ Kg5 56. Ra4 Kf5 57. Ra8 Rb2 58. Rf8+ Kg5 59. Rf7 Ra2 60. Ra7 
Rb2 61. Ra8 Kf5 62. Rf8+ Kg5 63. Rd8 Rb3 64. a4 Rb4 65. Rg8+ Kf5 66. Rg4 
Rb2 67. Rh4 Kf6 68. Rc4 Kf5 69. Rf4+ Ke5 70. Rh4 Kf6 71. Rh6+ Kg5 72. Rh8 
Rb4 73. Ra8 Kf5 74. Ra7 Rb2 75. Ra8 Rb4 76. Ra7 Rb2 77. Rf7+ Kg5 78. Rf4 
b5 79. Rg4+ Kf5 80. axb5 Rxb5 81. Ra4 Kg5 82. Ra6 Rb4 83. Ra5+ Kf6 84. f4 
Rb1 85. Ra6+ 1/2-1/2

[Event "TCh-SUI 2011"]
[Site "Switzerland SUI"]
[Date "2011.08.28"]
[Round "7.3"]
[White "Stojanovic, Mih"]
[Black "Charnushevich, A"]
[Result "1/2-1/2"]
[WhiteElo "2572"]
[BlackElo "2505"]
[EventDate "2011.02.27"]

1. Nf3 Nf6 2. c4 e6 3. Nc3 d5 4. d4 Nbd7 5. Bg5 Be7 6. e3 O-O 7. cxd5 exd5
8. Bd3 c6 9. Qc2 Re8 10. h3 Nf8 11. O-O Ng6 12. Bxf6 Bxf6 13. b4 a6 14. a4
Be6 15. b5 cxb5 16. axb5 a5 17. b6 Be7 18. Bb5 Rf8 19. Na4 Rc8 20. Qb3 Bb4
21. Rfc1 Qd6 22. Qd1 1/2-1/2

[Event "TCh-SWE Elitserien 2010-11"]
[Site "Sweden SWE"]
[Date "2011.03.11"]
[Round "9"]
[White "Agrest, E"]
[Black "Gdanski, J"]
[Result "1/2-1/2"]
[WhiteElo "2585"]
[BlackElo "2542"]
[EventDate "2010.10.16"]

1. Nf3 d5 2. d4 c6 3. c4 e6 4. Qc2 Nf6 5. Bg5 Nbd7 6. cxd5 exd5 7. Nc3 Be7
8. e3 Nh5 9. Bxe7 Qxe7 10. O-O-O Nb6 11. Kb1 g6 12. Bd3 Be6 13. Rc1 Ng7 
14. Rhe1 O-O-O 15. Na4 Kb8 16. Nc5 Bf5 17. Bxf5 Nxf5 18. Ne5 f6 19. Ned3 
Rhe8 20. Ka1 Ka8 21. Qc3 Qc7 22. Nf4 Qc8 23. g3 Nd6 24. f3 Re7 25. g4 Rde8
26. h4 Nbc4 27. Ng2 1/2-1/2

[Event "X Mario Covas"]
[Site "Santos BRA"]
[Date "2011.11.28"]
[Round "4.1"]
[White "Leitao, R"]
[Black "Cubas, Jo"]
[Result "1/2-1/2"]
[WhiteElo "2626"]
[BlackElo "2536"]
[EventDate "2011.11.26"]

1. d4 d5 2. c4 e6 3. Nc3 Nf6 4. cxd5 exd5 5. Bg5 Be7 6. e3 c6 7. Qc2 O-O 
8. Bd3 Nbd7 9. Nge2 Re8 10. O-O Nf8 11. f3 Be6 12. Rad1 Rc8 13. Nf4 N6d7 
14. Bxe7 Qxe7 15. Qf2 b5 16. Nce2 Ng6 17. Rfe1 a6 18. Bb1 Nb6 19. Nxe6 
fxe6 20. Bxg6 hxg6 21. Nf4 g5 22. Nd3 Nd7 23. e4 Qf6 24. e5 Qf5 25. h3 Rc7
26. Qe3 Rec8 27. Rc1 Qh7 28. Re2 Qh4 29. Rec2 a5 30. Kh2 Nf8 31. Nc5 Rf7 
32. Nb3 a4 33. Na5 Ng6 34. Rxc6 Rcf8 35. Rc8 Ne7 36. Rxf8+ Rxf8 37. g3 Nf5
38. gxh4 Nxe3 39. hxg5 Rxf3 40. g6 Nc4 41. Nc6 Kf8 42. b3 axb3 43. axb3 
Rxb3 44. Rf1+ Ke8 45. Rf7 Ne3 46. Re7+ Kf8 47. Rd7 Rb2+ 48. Kh1 Rb1+ 49. 
Kh2 Rb2+ 50. Kg3 Nf5+ 51. Kg4 Rg2+ 52. Kh5 Ng3+ 53. Kh4 Nf5+ 54. Kh5 Ng3+ 
1/2-1/2

[Event "X Mario Covas"]
[Site "Santos BRA"]
[Date "2011.11.29"]
[Round "6.2"]
[White "Milos, G"]
[Black "Cubas, Jo"]
[Result "1-0"]
[WhiteElo "2597"]
[BlackElo "2536"]
[EventDate "2011.11.26"]

1. c4 e6 2. Nc3 d5 3. d4 Nf6 4. cxd5 exd5 5. Bg5 Be7 6. e3 c6 7. Bd3 Nbd7 
8. Nf3 O-O 9. Qc2 Re8 10. O-O Nf8 11. Rae1 Be6 12. Ne5 N6d7 13. Bxe7 Rxe7 
14. f4 f6 15. Nf3 Rc8 16. f5 Bf7 17. g4 h6 18. Qf2 Qc7 19. Nh4 Rce8 20. 
Ng2 Qd6 21. Nf4 b5 22. Qd2 a5 23. a3 Nb6 24. Na2 Nc4 25. Bxc4 dxc4 26. Nc3
Nd7 27. Nd1 Nc5 28. Qxa5 Nb3 29. Qb4 Qxb4 30. axb4 Nxd4 31. Rf2 Nb3 32. 
Rc2 Bd5 33. Nc3 Bf3 34. h3 Rxe3 35. Rxe3 Rxe3 36. Kf2 Rd3 37. Nxb5 cxb5 
38. Nxd3 Be4 39. Ne1 Bxc2 40. Nxc2 Nc1 41. Ke3 Nd3 42. Kd4 h5 43. gxh5 Kh7
44. Na3 Nxb4 45. Nxb5 Nd3 46. b3 Kh6 47. bxc4 Ne5 48. c5 Kxh5 49. Kd5 Nd3 
50. c6 Nb4+ 51. Kd6 Nxc6 52. Kxc6 g6 53. Nd4 Kg5 54. h4+ Kh5 55. Kd5 1-0

[Event "XIX Open A"]
[Site "Montcada i Reixac ESP"]
[Date "2011.07.01"]
[Round "7"]
[White "Peralta, Fe"]
[Black "Del Rio de Angelis, S"]
[Result "0-1"]
[WhiteElo "2608"]
[BlackElo "2508"]
[EventDate "2011.06.25"]

1. d4 e6 2. c4 d5 3. Nc3 Be7 4. cxd5 exd5 5. Bf4 Nf6 6. e3 O-O 7. Nf3 Bf5 
8. Qb3 Qc8 9. Be2 c6 10. Rc1 Nbd7 11. O-O Be6 12. Qc2 Bg4 13. h3 Bxf3 14. 
Bxf3 Nb6 15. Rfe1 Re8 16. Rcd1 Qd7 17. Be5 Qe6 18. e4 dxe4 19. Nxe4 Nxe4 
20. Bxe4 Qh6 21. Qb3 Bd6 22. a4 Qe6 23. Qc2 g6 24. f4 Bxe5 25. dxe5 Rad8 
26. a5 Nd5 27. Qf2 a6 28. f5 Qxe5 29. fxg6 hxg6 30. Bxg6 Qf6 31. Bf5 Rxe1+
32. Rxe1 Ne7 33. Bh7+ Kg7 34. Qc2 Rd5 35. Qe2 Kf8 36. Rf1 Qg7 37. Bc2 Rxa5
38. Re1 Qf6 39. Kh1 Rb5 40. b3 Rd5 41. Rf1 Qg5 42. Qf3 Qg7 43. Qf4 Re5 44.
 Be4 Ke8 45. Rf3 f5 46. Rg3 Qf6 47. Bf3 Re1+ 48. Kh2 Qa1 49. Bh5+ Kd7 50. 
Rd3+ Kc8 51. Kg3 Rf1 52. Qd2 f4+ 0-1

[Event "XXIII Carlos Torre Magistral"]
[Site "Merida MEX"]
[Date "2011.12.18"]
[Round "5.1"]
[White "Corrales Jimenez, F"]
[Black "Gonzalez Vidal, Y"]
[Result "1-0"]
[WhiteElo "2578"]
[BlackElo "2554"]
[EventDate "2011.11.15"]

1. d4 Nf6 2. c4 e6 3. Nf3 d5 4. cxd5 exd5 5. Nc3 Be7 6. Bg5 c6 7. e3 Bf5 
8. Bd3 Bxd3 9. Qxd3 Nbd7 10. O-O O-O 11. Bf4 Nh5 12. Bg3 Nxg3 13. hxg3 f5 
14. Rab1 a5 15. Qc2 Kh8 16. a3 Bd6 17. b4 b5 18. Ne2 Rc8 19. Nf4 Bxf4 20. 
gxf4 a4 21. Ne5 Nb6 22. g3 Nc4 23. Qd3 g6 24. f3 Kg7 25. Kf2 Qe7 26. Rh1 
Qe6 27. Rbg1 h5 28. g4 hxg4 29. fxg4 fxg4 30. Rh4 Qf5 31. Rhxg4 Qxd3 32. 
Nxd3 Rf6 33. Ne5 Nxe5 34. dxe5 Re6 35. Rh4 Rf8 36. Ke2 Ree8 37. Kd3 Rh8 
38. Rxh8 Rxh8 39. f5 Rh6 40. Kd4 Rh4+ 41. Kc5 1-0

[Event "ch-NED"]
[Site "Boxtel NED"]
[Date "2011.07.04"]
[Round "8"]
[White "L'Ami, E"]
[Black "Sokolov, Ivan"]
[Result "0-1"]
[WhiteElo "2611"]
[BlackElo "2645"]
[EventDate "2011.06.25"]

1. d4 Nf6 2. c4 e6 3. Nc3 d5 4. cxd5 exd5 5. Bg5 Be7 6. e3 c6 7. Qc2 Nbd7 
8. Bd3 Nh5 9. Bxe7 Qxe7 10. Nge2 Nb6 11. h3 g6 12. O-O-O Ng7 13. g4 Bd7 
14. Nf4 g5 15. Nfe2 h5 16. Ng3 O-O-O 17. Nf5 Bxf5 18. gxf5 Ne8 19. Rhe1 g4
20. hxg4 hxg4 21. Ne2 Nf6 22. Rh1 Rh3 23. Rdg1 Rdh8 24. Qd1 c5 25. dxc5 
Qxc5+ 26. Kb1 Nc4 27. Nf4 Rh2 28. Rxh2 Rxh2 29. Qe1 Ne5 30. Qe2 Kb8 31. 
Rc1 Qd6 32. Qc2 Nc6 33. Bf1 g3 34. Bg2 Ng4 35. fxg3 Nxe3 36. Qf2 Qe5 37. 
Ka1 Nxg2 38. Nxg2 d4 39. Rg1 d3 40. Rd1 Qe2 0-1

[Event "10th Nancy GMA 2012"]
[Site "Nancy FRA"]
[Date "2012.02.21"]
[Round "2"]
[White "Sandipan, C"]
[Black "Sokolov, Ivan"]
[Result "0-1"]
[WhiteElo "2628"]
[BlackElo "2641"]
[EventDate "2012.02.20"]

1. d4 Nf6 2. c4 e6 3. Nc3 d5 4. cxd5 exd5 5. Bg5 c6 6. e3 Bf5 7. Qf3 Bg6 
8. Bxf6 Qxf6 9. Qxf6 gxf6 10. Nge2 a5 11. Rc1 Nd7 12. h4 h5 13. Nf4 Bd6 
14. g3 a4 15. a3 Nb6 16. Kd2 Kf8 17. Nxg6+ fxg6 18. Bd3 f5 19. Ne2 Rh7 20.
 Rc3 Nd7 21. Nf4 Bxf4 22. gxf4 Re7 23. Ra1 Nf6 24. Rb1 Ne8 25. b4 axb3 26.
 Rbxb3 Nd6 27. Rb4 Ree8 28. a4 Ra7 29. Bc2 Ke7 30. Rb1 Kd7 31. Rg1 Re6 32.
 Rb3 Kc7 33. Rbb1 Ra5 34. Rg2 c5 35. dxc5 Rxc5 36. Bd3 Ne4+ 37. Bxe4 dxe4 
38. Rgg1 Rd6+ 39. Ke2 Rc2+ 40. Kf1 Ra2 41. Rb4 Ra6 42. Rc4+ Kb8 43. Rg3 
Rb6 44. Rg1 Rbb2 45. Rxg6 Rb1+ 46. Kg2 Raa1 0-1

[Event "13th EICC"]
[Site "Plovdiv BUL"]
[Date "2012.03.24"]
[Round "5.52"]
[White "Beliavsky, A"]
[Black "Heberla, B"]
[Result "1/2-1/2"]
[WhiteElo "2630"]
[BlackElo "2525"]
[EventDate "2012.03.20"]

1. d4 d5 2. c4 e6 3. Nf3 Nf6 4. Nc3 Nbd7 5. cxd5 exd5 6. Bf4 c6 7. e3 Nh5 
8. Bg5 Be7 9. Bxe7 Qxe7 10. Qc2 Nb6 11. Ne5 g6 12. Be2 Ng7 13. O-O O-O 14.
 Rfe1 Bf5 15. Qb3 Nc8 16. Na4 Nd6 17. Rac1 f6 18. Nd3 Bxd3 19. Bxd3 f5 20.
 Bf1 Ne6 21. Qd1 g5 22. g3 Rf6 23. b3 Rh6 24. Nb2 Kh8 25. Nd3 Rg8 26. Rc2 
g4 27. Ne5 Ng5 28. Bg2 Ndf7 29. Nd3 Nd6 30. Nf4 Ne6 31. Nd3 Ng5 32. b4 Qe8
33. a4 a6 34. Ne5 Ndf7 35. Nd3 Nd6 36. Nf4 Ne6 37. Nd3 Ng5 1/2-1/2

[Event "13th EICC"]
[Site "Plovdiv BUL"]
[Date "2012.03.25"]
[Round "6.10"]
[White "Matlakov, M"]
[Black "Berkes, F"]
[Result "1-0"]
[WhiteElo "2632"]
[BlackElo "2682"]
[EventDate "2012.03.20"]

1. d4 d5 2. c4 e6 3. Nc3 Be7 4. cxd5 exd5 5. Bf4 Nf6 6. e3 Bf5 7. Nge2 O-O
8. Rc1 c6 9. Ng3 Bg6 10. h4 h6 11. h5 Bh7 12. Bd3 Bd6 13. Bxh7+ Nxh7 14. 
Bxd6 Qxd6 15. Nf5 Qf6 16. Qg4 Ng5 17. f4 Ne6 18. Rd1 Re8 19. O-O Nc7 20. 
Rf3 Kh7 21. Rg3 g6 22. hxg6+ fxg6 23. Nh4 Rg8 24. f5 g5 25. e4 dxe4 26. 
Nxe4 Qd8 27. Ng6 Nd5 28. Rh3 Nf4 29. Nxf4 gxf4 30. Qxf4 1-0

[Event "13th EICC"]
[Site "Plovdiv BUL"]
[Date "2012.03.27"]
[Round "7.23"]
[White "Kuljasevic, D"]
[Black "Sargissian, G"]
[Result "0-1"]
[WhiteElo "2580"]
[BlackElo "2674"]
[EventDate "2012.03.20"]

1. d4 d5 2. c4 e6 3. Nc3 Be7 4. cxd5 exd5 5. Bf4 c6 6. e3 Bf5 7. Nge2 Nd7 
8. Ng3 Bg6 9. Rc1 h5 10. h4 Bxh4 11. Qb3 Bxg3 12. Bxg3 Qb6 13. Qa3 Ne7 14.
 Na4 Qa5+ 15. b4 Qd8 16. Be2 b5 17. Nc3 a6 18. Bd6 Nb6 19. Bc5 f6 20. Qb3 
Nc4 21. Qd1 Kf7 22. Bxc4 bxc4 23. f3 Nf5 24. Kf2 h4 25. Ne2 Re8 26. Rc3 a5
27. a3 axb4 28. Bxb4 Qc7 29. Qd2 Bh7 30. Rh3 g5 31. g4 hxg3+ 32. Nxg3 Rh8 
33. Rc1 g4 34. fxg4 Nxg3 35. Rxg3 Be4 0-1

[Event "13th EICC"]
[Site "Plovdiv BUL"]
[Date "2012.03.27"]
[Round "7.33"]
[White "Khenkin, I"]
[Black "Heberla, B"]
[Result "1-0"]
[WhiteElo "2632"]
[BlackElo "2525"]
[EventDate "2012.03.20"]

1. d4 d5 2. c4 e6 3. Nf3 Nf6 4. Nc3 Nbd7 5. Bg5 c6 6. cxd5 exd5 7. Qc2 Be7
8. e3 O-O 9. Bd3 Re8 10. h3 Nf8 11. O-O g6 12. Rab1 Ne6 13. Bh4 Ng7 14. b4
a6 15. a4 Bf5 16. Bxf5 Nxf5 17. Bxf6 Bxf6 18. b5 axb5 19. axb5 Nd6 20. 
bxc6 bxc6 21. Nd2 Qd7 22. Na4 Rad8 23. Nb6 Qe6 24. Qxc6 Nf5 25. Qxe6 fxe6 
26. Nf3 Re7 27. Rfc1 h5 28. g3 Kf7 29. Na4 g5 30. Nc5 g4 31. hxg4 hxg4 32.
 Nh2 e5 33. Nxg4 exd4 34. Nxf6 dxe3 35. Nh5 Rh8 36. Nf4 exf2+ 37. Kxf2 
Rh2+ 38. Kg1 Ra2 39. Rc3 d4 40. Rf3 Re3 41. Rbf1 Kg8 42. g4 Nh4 43. R3f2 
Rg3+ 44. Kh2 Rxf2+ 45. Rxf2 Rf3 46. Ra2 Kf7 47. Ra7+ Kf6 48. Nd7+ Kg5 49. 
Ne6+ Kh6 50. Ne5 1-0

[Event "14th Trieste Open A"]
[Site "Trieste ITA"]
[Date "2012.09.04"]
[Round "5"]
[White "Turov, M"]
[Black "Kuljasevic, D"]
[Result "1-0"]
[WhiteElo "2636"]
[BlackElo "2555"]
[EventDate "2012.09.01"]

1. c4 e6 2. Nc3 d5 3. d4 Be7 4. cxd5 exd5 5. Bf4 c6 6. e3 Bf5 7. Nge2 Nd7 
8. Ng3 Bg6 9. f3 h5 10. e4 h4 11. Nge2 dxe4 12. fxe4 Ngf6 13. e5 Nh5 14. 
Be3 Nb6 15. g4 hxg3 16. hxg3 Rh7 17. Bg2 Nc4 18. Bc1 Bg5 19. Qb3 Ne3 20. 
Bxe3 Bxe3 21. Ne4 Bxd4 22. O-O-O c5 23. g4 Kf8 24. gxh5 Bxh5 25. Bf3 Bg6 
26. Nf4 Bxe4 27. Bxe4 Rh4 28. Ng6+ 1-0

[Event "16th Neckar Open"]
[Site "Deizisau GER"]
[Date "2012.04.08"]
[Round "7.6"]
[White "Milanovic, Da"]
[Black "Baramidze, D"]
[Result "1-0"]
[WhiteElo "2520"]
[BlackElo "2612"]
[EventDate "2012.04.05"]

1. d4 d5 2. c4 e6 3. Nc3 Be7 4. cxd5 exd5 5. Bf4 Nf6 6. e3 Bf5 7. Nf3 c6 
8. h3 Nbd7 9. Be2 O-O 10. O-O Re8 11. Nh4 Be6 12. Nf3 Bf5 13. Nh4 Be6 14. 
Nf3 Nf8 15. Bd3 Ng6 16. Bh2 Bd6 17. Ne5 Bd7 18. f4 c5 19. Nxd7 Nxd7 20. 
Nxd5 cxd4 21. e4 Nc5 22. Qc2 Rc8 23. Rac1 Qd7 24. Qb1 Nxd3 25. Qxd3 Rxc1 
26. Rxc1 Rc8 27. Rd1 Qa4 28. Kf1 Qxa2 29. Qxd4 Rc2 30. Ne3 Rc6 31. Nd5 Nf8
32. e5 Bc5 33. Qd2 Ne6 34. Bg1 g6 35. f5 Qc4+ 36. Qd3 Qxd3+ 37. Rxd3 gxf5 
38. b4 Bf8 39. Nf6+ Kh8 40. Bxa7 Rc1+ 41. Kf2 Ra1 42. Be3 f4 43. Bd2 Rb1 
44. Rd7 Bxb4 45. Bxb4 Rxb4 46. Rxf7 Rb2+ 47. Kf1 Ng5 48. Re7 Rb1+ 49. Ke2 
Rh1 50. Rxb7 Rh2 51. Rb8+ 1-0

[Event "16th Voronezh Master Open"]
[Site "Voronezh RUS"]
[Date "2012.06.15"]
[Round "4.7"]
[White "Zubov, A UKR"]
[Black "Goganov, A"]
[Result "1-0"]
[WhiteElo "2617"]
[BlackElo "2523"]
[EventDate "2012.06.12"]

1. d4 d5 2. c4 e6 3. Nc3 Be7 4. cxd5 exd5 5. Bf4 c6 6. e3 Bf5 7. Nge2 Nd7 
8. h3 Nb6 9. Ng3 Bg6 10. Nh5 Bxh5 11. Qxh5 Nf6 12. Qd1 Bd6 13. Bxd6 Qxd6 
14. Bd3 O-O 15. O-O Rfe8 16. Qc2 Nbd7 17. Rfc1 Nb6 18. Rab1 a5 19. a3 g6 
20. b4 axb4 21. Rxb4 Nc8 22. Rxb7 Rxa3 23. Nb1 Ra7 24. Rxa7 Nxa7 25. Qa4 
Re7 26. Nd2 Rc7 27. Nb3 Nc8 28. Nc5 Ra7 29. Na6 Ne7 30. Qb4 Qd8 31. g3 Kg7
32. Kg2 h5 33. Rc2 Qa8 34. Qd6 Ne8 35. Qe5+ Kf8 36. Nc5 Kg8 37. Rb2 Rc7 
38. Rb1 Qc8 39. Be2 f6 40. Qf4 Kf7 41. e4 Ng7 42. Ba6 g5 43. Qd2 Qd8 44. 
e5 Nef5 45. Re1 Re7 46. Qc3 fxe5 47. dxe5 d4 48. Bc4+ Kg6 49. Qd2 Re8 50. 
e6 Kh7 51. Ne4 Kg6 52. Nc5 Kh7 53. Nd7 c5 54. Qd3 Kh6 55. Re5 Qa8+ 56. Bd5
c4 57. Qf3 1-0

[Event "19th Graz Open 2012"]
[Site "Graz AUT"]
[Date "2012.08.29"]
[Round "5.1"]
[White "Hera, I"]
[Black "Buhmann, R"]
[Result "1/2-1/2"]
[WhiteElo "2568"]
[BlackElo "2571"]
[EventDate "2012.08.25"]

1. c4 e6 2. d4 Nf6 3. Nc3 d5 4. cxd5 exd5 5. Bg5 c6 6. e3 Bf5 7. Qf3 Bg6 
8. Bxf6 Qxf6 9. Qxf6 gxf6 10. Nf3 Nd7 1/2-1/2

[Event "1st Grand Europe Open"]
[Site "Golden Sands BUL"]
[Date "2012.06.10"]
[Round "7.7"]
[White "Georgiev, Ki"]
[Black "Mastrovasilis, A"]
[Result "1/2-1/2"]
[WhiteElo "2689"]
[BlackElo "2537"]
[EventDate "2012.06.04"]

1. d4 Nf6 2. c4 e6 3. Nc3 d5 4. cxd5 exd5 5. Bg5 c6 6. e3 Bf5 7. Qf3 Bg6 
8. Bxf6 Qxf6 9. Qxf6 gxf6 10. Nge2 Nd7 11. h4 Bd6 12. g3 Nb6 13. Nf4 Bxf4 
14. gxf4 Bh5 15. Bd3 Ke7 16. Kd2 Rag8 17. Rhg1 Bf3 18. Rg3 Rxg3 19. fxg3 
Nc8 20. Rf1 Bg4 21. e4 dxe4 22. Nxe4 Nd6 23. Nc5 h6 24. Re1+ Kd8 25. a3 
Re8 26. Rxe8+ Kxe8 27. Ke3 Ke7 28. f5 Bd1 29. Kf4 a5 30. g4 b6 31. Ne4 
Nxe4 32. Bxe4 c5 33. dxc5 bxc5 34. Bd5 Bc2 35. Bc4 Bd1 36. Bd5 Bc2 1/2-1/2

[Event "21st TCh-CRO 1a 2012"]
[Site "Sibenik CRO"]
[Date "2012.09.27"]
[Round "5.32"]
[White "Roiz, M"]
[Black "Hracek, Z"]
[Result "1/2-1/2"]
[WhiteElo "2618"]
[BlackElo "2619"]
[EventDate "2012.09.23"]

1. Nf3 d5 2. d4 Nf6 3. c4 e6 4. Nc3 Nbd7 5. cxd5 exd5 6. Qc2 c6 7. Bg5 Be7
8. e3 Nh5 9. Bxe7 Qxe7 10. O-O-O Nb6 11. h3 g6 12. Bd3 Be6 13. Kb1 O-O-O 
14. Na4 Ng7 15. Nc5 1/2-1/2

[Event "21st TCh-CRO 1a 2012"]
[Site "Sibenik CRO"]
[Date "2012.09.30"]
[Round "8.22"]
[White "Sokolov, Ivan"]
[Black "Roiz, M"]
[Result "1/2-1/2"]
[WhiteElo "2699"]
[BlackElo "2618"]
[EventDate "2012.09.23"]

1. d4 d5 2. c4 e6 3. Nc3 Be7 4. cxd5 exd5 5. Bf4 c6 6. e3 Bd6 7. Bxd6 Qxd6
8. Bd3 Ne7 9. Qc2 b6 10. Nf3 Ba6 11. O-O Bxd3 12. Qxd3 O-O 13. e4 Nd7 14. 
Rfe1 Rfe8 15. Rac1 dxe4 16. Nxe4 Qd5 17. Nc3 Qd6 18. Qc4 Nf8 19. Ne4 Qe6 
20. Qa4 Qd5 21. Nc3 Qd6 22. Re4 Ne6 23. g3 Red8 24. Rd1 Nd5 25. Qc2 Rac8 
26. Re5 Nf6 27. a3 h6 28. Qf5 Qd7 29. h4 Nc7 30. Qd3 Ncd5 31. Kg2 Qb7 32. 
Nxd5 cxd5 33. Re2 Ne4 34. Ne5 Qc7 35. Qb3 Qb7 36. f3 Nd6 37. Rde1 Re8 38. 
Qd3 Re6 39. h5 Rce8 40. b3 Qe7 41. f4 1/2-1/2

[Event "30th Andorra Open"]
[Site "Erts-La Massana AND"]
[Date "2012.07.28"]
[Round "8.6"]
[White "Narciso Dublan, M"]
[Black "Peralta, Fe"]
[Result "1/2-1/2"]
[WhiteElo "2539"]
[BlackElo "2602"]
[EventDate "2012.07.21"]

1. d4 d5 2. c4 e6 3. Nc3 Bb4 4. cxd5 exd5 5. Bf4 c6 6. e3 Ne7 7. Bd3 Bf5 
8. Nf3 Bd6 9. O-O O-O 10. Re1 Bxd3 11. Qxd3 Na6 12. Re2 Ng6 13. g3 Qd7 14.
 Bxd6 Qxd6 15. Qf5 Nc7 16. Rae1 Rae8 17. e4 dxe4 18. Nxe4 Qd5 19. Qxd5 
Nxd5 20. h4 f6 21. h5 Nh8 22. Nd6 Rb8 23. Nh4 Nf7 24. Nc4 Nh6 25. Na5 Rfd8
26. f3 Kf7 27. a3 Rd7 28. Kf2 g5 29. hxg6+ hxg6 30. Nb3 g5 31. Ng2 Nf5 32.
 Rh1 Re7 33. Rxe7+ Ndxe7 34. g4 Ng7 35. f4 gxf4 36. Nxf4 Ng6 37. Nd3 Rd8 
38. Ndc5 b6 39. Ne4 Ne7 40. Rh6 Ng8 41. Rh8 Ne6 42. Rh7+ Ng7 43. Rh8 Ne6 
1/2-1/2